[Event "Perth Metro CC-chD"]
[White "Bailye, Ron"]
[Black "Taylor, G."]
[Site "Perth"]
[Round "8"]
[Result "1-0"]
[Date "2006.03.30"]
[WhiteElo "1213"]
[BlackElo "1181"]
[PlyCount "69"]
[EventDate "2006.02.02"]
[EventType "tourn"]
[EventRounds "9"]
[EventCountry "AUS"]
[SourceTitle "EXT 2010"]
[Source "ChessBase"]
[SourceDate "2010.11.25"]
[SourceVersion "1"]
[SourceVersionDate "2010.11.25"]
[SourceQuality "1"]

1. e4 c5 2. Nf3 d6 3. Bc4 e6 4. 0-0 Nf6 5. Re1 Nc6 6. c3 Ne5 7. Nxe5 dxe5 8. d3 a6 9. a3 b5 10. Ba2 Be7 11. Qf3 0-0 12. Bg5 Ne8 13. Bxe7 Qxe7 14. b4 Kh8 15. Qg3 f6 16. Nd2 cxb4 17. cxb4 Nd6 18. Nb3 Bb7 19. Nc5 Bc8 20. Rac1 a5 21. Rc2 axb4 22. axb4 Nb7 23. Bb1 Nxc5 24. Rxc5 Ra4 25. Rec1 Rxb4 26. Rxc8 Rxb1 27. Rxf8+ Qxf8 28. Rxb1 b4 29. h3 g6 30. Qg4 Qe7 31. Qd1 f5 32. Qa4 fxe4 33. dxe4 Qc5 34. Qxb4 Qc2 35. Qf8# 1-0

[Event "Perth Metro CC-chD"]
[White "Taylor, Paul"]
[Black "Taylor, G."]
[Site "Perth"]
[Round "3"]
[Result "1-0"]
[Date "2006.02.16"]
[WhiteElo "1250"]
[BlackElo "1181"]
[PlyCount "57"]
[EventDate "2006.02.02"]
[EventType "tourn"]
[EventRounds "9"]
[EventCountry "AUS"]
[SourceTitle "EXT 2010"]
[Source "ChessBase"]
[SourceDate "2010.11.25"]
[SourceVersion "1"]
[SourceVersionDate "2010.11.25"]
[SourceQuality "1"]

1. e4 c5 2. Nf3 d6 3. d4 cxd4 4. Nxd4 Nf6 5. Nc3 a6 6. Be3 e5 7. Nf3 Be7 8. Bc4 Qc7 9. Bb3 Bg4 10. h3 Bxf3 11. gxf3 Nbd7 12. Rg1 g6 13. Nd5 Nxd5 14. Qxd5 0-0 15. f4 Nf6 16. Qd3 Rac8 17. f5 Kh8 18. Bh6 Qa5+ 19. c3 Rfd8 20. Bxf7 d5 21. fxg6 hxg6 22. exd5 e4 23. Qg3 Rg8 24. Bxg8 Rxg8 25. Qh4 Nxd5 26. Bg5+ Kg7 27. Bxe7 Nxc3 28. Qf6+ Kh7 29. Qxc3 1-0